[Event "23rd EUR-ch"]
[Site "Vrnjacka Banja SRB"]
[Date "2023.03.08"]
[Round "6.28"]
[White "Fernandez, Daniel Howard"]
[Black "Sargsian, Shant"]
[Result "0-1"]
[WhiteElo "2498"]
[BlackElo "2630"]
[EventDate "2023.03.03"]
[PlyCount "112"]

1.c4 Nf6 2.Nc3 e5 3.Nf3 Nc6 4.d3 d5 5.cxd5 Nxd5 6.e4 Nf6 7.h3 Bc5 8.Be3 
Qe7 9.Rc1 Bb6 10.Be2 O-O 11.O-O Rd8 12.Qa4 Nd4 13.Bxd4 Bxd4 14.Nb5 Bb6 15.
Qa3 Re8 16.Bd1 Nh5 17.Qxe7 Rxe7 18.Bb3 Nf4 19.Rcd1 Bd7 20.Nc3 c6 21.Kh2 
Rd8 22.Rd2 Bc8 23.Rfd1 g6 24.Ng1 Be6 25.Bxe6 Nxe6 26.Nf3 f6 27.Kg1 Red7 
28.Kf1 Ba5 29.a3 b5 30.Ne1 Nd4 31.b4 Bb6 32.Ne2 Ne6 33.a4 bxa4 34.Nc3 c5 
35.Nxa4 cxb4 36.Nxb6 axb6 37.Rb2 Rd4 38.Rdb1 b5 39.Rxb4 Rxb4 40.Rxb4 Nd4 
41.g3 Kf7 42.Ng2 Ra8 43.Ne3 Ra1+ 44.Kg2 Ke6 45.Rb2 Kd6 46.Nd5 f5 47.f4 
exf4 48.gxf4 Kc5 49.Nf6 b4 50.exf5 gxf5 51.Nxh7 b3 52.Kg3 Kb4 53.h4 Kc3 
54.Rh2 Nc2 55.Nf6 b2 56.Nd5+ Kb3 0-1

[Event "23rd EUR-ch"]
[Site "Vrnjacka Banja SRB"]
[Date "2023.03.08"]
[Round "6.29"]
[White "Subelj, Jan"]
[Black "Kovalev, Vladislav"]
[Result "1-0"]
[WhiteElo "2496"]
[BlackElo "2623"]
[EventDate "2023.03.03"]
[PlyCount "169"]

1.Nf3 Nf6 2.c4 e6 3.g3 d5 4.Bg2 Bd6 5.d4 h6 6.O-O O-O 7.Nc3 Nc6 8.b3 dxc4 
9.bxc4 e5 10.d5 Ne7 11.e4 b6 12.Re1 Nd7 13.Be3 Ng6 14.Rc1 Nc5 15.Qc2 Bd7 
16.Nd2 Qe7 17.Nb3 Rfc8 18.Nb5 Nb7 19.Bf1 Bb4 20.Red1 a6 21.Nc3 a5 22.c5 
bxc5 23.Nb5 Qe8 24.a4 c6 25.dxc6 Rxc6 26.Bc4 Be6 27.Bd5 Bxd5 28.exd5 Rcc8 
29.d6 Qc6 30.Bxc5 Nxc5 31.d7 Rd8 32.Nxc5 Nf8 33.Rd6 Qxc5 34.Qxc5 Bxc5 35.
Rxc5 Rxd7 36.Rxe5 Rxd6 37.Nxd6 Ne6 38.Kg2 Kf8 39.Rb5 Ke7 40.Nb7 Rb8 41.
Nxa5 Ra8 42.f4 Kf6 43.Rd5 Nc7 44.Rc5 Ne6 45.Rd5 Nc7 46.Re5 g5 47.Kf3 Ne6 
48.h4 gxf4 49.gxf4 Rc8 50.Nb7 Rc4 51.Rf5+ Kg7 52.Rxf7+ Kg8 53.Rf6 Nd4+ 54.
Kg4 Rxa4 55.Rxh6 Kg7 56.Nc5 Ra1 57.Rb6 Rg1+ 58.Kh5 Rf1 59.Rb7+ Kg8 60.Rb8+
Kg7 61.Rb7+ Kg8 62.Kg5 Rg1+ 63.Kf6 Rg4 64.f5 Rxh4 65.Rb8+ Kh7 66.Ne6 Rh6+ 
67.Kf7 Rh4 68.Ng5+ Kh6 69.Ne6 Kh7 70.f6 Nf5 71.Ng5+ Kh6 72.Nf3 Nd6+ 73.Ke6
Rf4 74.Rh8+ Kg6 75.Ne5+ Kg5 76.Nf7+ Nxf7 77.Rg8+ Kh6 78.Kxf7 Kh7 79.Rg7+ 
Kh8 80.Rg1 Rh4 81.Kf8 Kh7 82.f7 Rh2 83.Re1 Ra2 84.Rh1+ Kg6 85.Kg8 1-0

[Event "23rd EUR-ch"]
[Site "Vrnjacka Banja SRB"]
[Date "2023.03.08"]
[Round "6.30"]
[White "Svane, Rasmus"]
[Black "Gorodetzky, David"]
[Result "1-0"]
[WhiteElo "2620"]
[BlackElo "2488"]
[EventDate "2023.03.03"]
[PlyCount "65"]

1.d4 Nf6 2.c4 c5 3.d5 b5 4.cxb5 a6 5.bxa6 g6 6.Nc3 Bg7 7.e4 O-O 8.a7 Rxa7 
9.Be2 e6 10.Nf3 exd5 11.exd5 d6 12.O-O Na6 13.Nd2 Re8 14.Bb5 Ree7 15.Nc4 
Nc7 16.Bg5 h6 17.Bh4 Nxb5 18.Nxb5 Rad7 19.Bxf6 Bxf6 20.a4 Ba6 21.Qd2 Re4 
22.Qc2 Qe7 23.Rad1 Bd4 24.b3 Bxb5 25.axb5 Rg4 26.g3 Qg5 27.Qd3 Rf4 28.b6 
h5 29.Qd2 Be5 30.Ra1 Qg4 31.Ra7 h4 32.Nxe5 dxe5 33.f3 1-0

[Event "23rd EUR-ch"]
[Site "Vrnjacka Banja SRB"]
[Date "2023.03.08"]
[Round "6.31"]
[White "Gokerkan, Cem Kaan"]
[Black "Vocaturo, Daniele"]
[Result "0-1"]
[WhiteElo "2486"]
[BlackElo "2619"]
[EventDate "2023.03.03"]
[PlyCount "108"]

1.e4 c5 2.Nf3 d6 3.d4 cxd4 4.Nxd4 Nf6 5.Nc3 a6 6.Be3 e5 7.Nf3 Be7 8.Bc4 
Be6 9.Bb3 O-O 10.O-O Nc6 11.Bg5 Nd7 12.Bxe7 Qxe7 13.Nd5 Bxd5 14.Bxd5 Nf6 
15.Re1 Rac8 16.c3 Rfd8 17.a4 Nxd5 18.Qxd5 Qe6 19.Rad1 Qxd5 20.Rxd5 Ne7 21.
Rd3 f6 22.Red1 Rc6 23.Nd2 Kf7 24.Nf1 f5 25.exf5 Nxf5 26.Ne3 Nxe3 27.Rxe3 
Kf6 28.Rd5 Rb8 29.g3 Ke6 30.Rd2 g5 31.Re4 b5 32.h4 h6 33.hxg5 hxg5 34.axb5
axb5 35.Rg4 Kf5 36.Rb4 Rbb6 37.Kf1 Rc4 38.Rb3 g4 39.Ke2 Ke4 40.Rd3 Ra4 41.
Re3+ Kd5 42.Kd3 e4+ 43.Kc2 Kc5 44.Re2 d5 45.Rd2 Rf6 46.Kb1 Rf5 47.Kc2 Rf3 
48.Kb1 Rd3 49.Re2 Ra8 50.Kc1 Ra1+ 51.Kc2 Rf3 52.Rb4 Rf1 53.Kb3 R3xf2 54.
Re3 Ra1 0-1

[Event "23rd EUR-ch"]
[Site "Vrnjacka Banja SRB"]
[Date "2023.03.08"]
[Round "6.32"]
[White "Zanan, Evgeny"]
[Black "Ter-Sahakyan, Samvel"]
[Result "1/2-1/2"]
[WhiteElo "2485"]
[BlackElo "2616"]
[EventDate "2023.03.03"]
[PlyCount "47"]

1.e4 c5 2.Nf3 d6 3.d4 cxd4 4.Nxd4 Nf6 5.Nc3 a6 6.Bg5 Nbd7 7.Bc4 Qb6 8.Bb3 
e6 9.a4 Qa5 10.Qd2 Be7 11.f3 Nc5 12.Ba2 Bd7 13.O-O Rc8 14.Rfb1 Qb4 15.a5 
O-O 16.Be3 Rfd8 17.Qf2 e5 18.Nde2 Be6 19.Ng3 g6 20.Bd2 Qd4 21.Be3 Qb4 22.
Bd2 Qd4 23.Be3 Qb4 24.Bd2 1/2-1/2

[Event "23rd EUR-ch"]
[Site "Vrnjacka Banja SRB"]
[Date "2023.03.08"]
[Round "6.33"]
[White "Bjerre, Jonas Buhl"]
[Black "Parkhov, Yair"]
[Result "1/2-1/2"]
[WhiteElo "2608"]
[BlackElo "2485"]
[EventDate "2023.03.03"]
[PlyCount "61"]

1.Nf3 d5 2.g3 Nf6 3.Bg2 c5 4.O-O g6 5.c4 Bg7 6.Qa4+ Nc6 7.cxd5 Nxd5 8.Nc3 
O-O 9.Qc4 Nxc3 10.dxc3 Qb6 11.Qh4 Re8 12.Rd1 Ne5 13.Nxe5 Bxe5 14.a4 Bf6 
15.Qe4 Qb3 16.Rd2 Rb8 17.Qe3 Qb6 18.a5 Qb5 19.Qd3 Qxd3 20.Rxd3 Be5 21.Be3 
Bd6 22.b4 b6 23.axb6 axb6 24.Bc6 Rf8 25.Bh6 Rd8 26.Ra7 cxb4 27.cxb4 Bf5 
28.Rb3 b5 29.Kg2 Be6 30.Rb1 Rdc8 31.Bf3 1/2-1/2

[Event "23rd EUR-ch"]
[Site "Vrnjacka Banja SRB"]
[Date "2023.03.08"]
[Round "6.34"]
[White "Kosakowski, Jakub"]
[Black "Can, Emre"]
[Result "1/2-1/2"]
[WhiteElo "2476"]
[BlackElo "2600"]
[EventDate "2023.03.03"]
[PlyCount "55"]

1.e4 c5 2.Nf3 d6 3.d4 cxd4 4.Nxd4 Nf6 5.Nc3 a6 6.Be2 e5 7.Nf3 Be7 8.Bg5 
Nbd7 9.a4 O-O 10.Nd2 d5 11.exd5 Nxd5 12.Bxe7 Nxe7 13.Nc4 b6 14.Bf3 Ra7 15.
O-O Qc7 16.Qd6 Nf5 17.Qxc7 Rxc7 18.b3 Bb7 19.Bxb7 Rxb7 20.Rad1 f6 21.Nd5 
b5 22.Na5 Ra7 23.Nc6 Rb7 24.axb5 axb5 25.Na5 Ra7 26.Nc6 Rb7 27.Na5 Ra7 28.
Nc6 1/2-1/2

[Event "23rd EUR-ch"]
[Site "Vrnjacka Banja SRB"]
[Date "2023.03.08"]
[Round "6.35"]
[White "Iskandarov, Misratdin"]
[Black "Willow, Jonah"]
[Result "1-0"]
[WhiteElo "2598"]
[BlackElo "2459"]
[EventDate "2023.03.03"]
[PlyCount "65"]

1.e4 c5 2.Nf3 e6 3.b3 a6 4.Bb2 Nc6 5.Nc3 Qc7 6.g3 b5 7.Bg2 Bb7 8.O-O Nge7 
9.Re1 f6 10.h4 h5 11.Ne2 e5 12.c3 b4 13.Rc1 Qd8 14.Ba1 d6 15.d4 bxc3 16.d5
Nd4 17.Bxc3 Nxf3+ 18.Bxf3 g5 19.hxg5 fxg5 20.b4 g4 21.Bg2 cxb4 22.Bxb4 a5 
23.Ba3 Bh6 24.Rb1 Ba6 25.Bc1 Bxc1 26.Qxc1 Rc8 27.Qe3 Ng6 28.Qa7 Bxe2 29.
Qg7 Ba6 30.Bf1 Rc7 31.Qxg6+ Kf8 32.Bxa6 Rg7 33.Qf5+ 1-0

[Event "23rd EUR-ch"]
[Site "Vrnjacka Banja SRB"]
[Date "2023.03.08"]
[Round "6.36"]
[White "Hovhannisian, Robert"]
[Black "Saraci, Nderim"]
[Result "1/2-1/2"]
[WhiteElo "2597"]
[BlackElo "2469"]
[EventDate "2023.03.03"]
[PlyCount "84"]

1.e4 e5 2.Nf3 Nc6 3.Bb5 a6 4.Ba4 Nf6 5.O-O Nxe4 6.d4 b5 7.Bb3 d5 8.dxe5 
Be6 9.Nbd2 Be7 10.c3 Nc5 11.Bc2 d4 12.Nb3 d3 13.Nxc5 dxc2 14.Qxd8+ Rxd8 
15.Nxe6 fxe6 16.Be3 Rd5 17.Rfc1 Nxe5 18.Nxe5 Rxe5 19.Rxc2 O-O 20.c4 b4 21.
Rd1 Rd8 22.Rxd8+ Bxd8 23.Kf1 Kf7 24.Bf4 Rf5 25.Bd2 Be7 26.g4 Rf3 27.Be3 h5
28.gxh5 Rh3 29.h6 gxh6 30.Kg2 Rh5 31.c5 Bg5 32.f4 Be7 33.Kf3 c6 34.b3 Rd5 
35.Ke4 a5 36.Rc1 Bf8 37.Rc4 Be7 38.Rc2 Bf8 39.Bd4 Bg7 40.Be3 Bf8 41.Kf3 
Kg6 42.Ke4 Kf7 1/2-1/2

[Event "23rd EUR-ch"]
[Site "Vrnjacka Banja SRB"]
[Date "2023.03.08"]
[Round "6.37"]
[White "Clarke, Brandon"]
[Black "Paravyan, David"]
[Result "1/2-1/2"]
[WhiteElo "2475"]
[BlackElo "2584"]
[EventDate "2023.03.03"]
[PlyCount "34"]

1.e4 e5 2.Nf3 Nf6 3.d4 Nxe4 4.Bd3 d5 5.Nxe5 Nd7 6.Nxd7 Bxd7 7.O-O Bd6 8.
Nc3 Nxc3 9.bxc3 O-O 10.Qh5 f5 11.Re1 h6 12.Rb1 b5 13.Bxh6 gxh6 14.Qg6+ Kh8
15.Qxh6+ Kg8 16.Qg6+ Kh8 17.Qh6+ Kg8 1/2-1/2

[Event "23rd EUR-ch"]
[Site "Vrnjacka Banja SRB"]
[Date "2023.03.08"]
[Round "6.38"]
[White "Ioannidis, Evgenios"]
[Black "Lupulescu, Constantin"]
[Result "1/2-1/2"]
[WhiteElo "2473"]
[BlackElo "2580"]
[EventDate "2023.03.03"]
[PlyCount "81"]

1.d4 d5 2.c4 e6 3.Nc3 Nf6 4.Nf3 dxc4 5.e4 Bb4 6.Bxc4 Nxe4 7.O-O Nf6 8.Qa4+
Nc6 9.Ne5 Bd6 10.Nxc6 bxc6 11.Qxc6+ Bd7 12.Qf3 h6 13.Bf4 O-O 14.Be5 Rb8 
15.b3 Bc8 16.Rfd1 Bb7 17.Qg3 Qe7 18.d5 exd5 19.Bxd6 Qxd6 20.Nxd5 Nxd5 21.
Bxd5 Bxd5 22.Qxd6 cxd6 23.Rxd5 Rfd8 24.Kf1 Rbc8 25.Rad1 Rc6 26.Ra5 a6 27.
g3 Kf8 28.Rd4 Rb8 29.Rda4 Rbb6 30.h4 g6 31.h5 Ke7 32.Kg2 Ke6 33.Re4+ Kf6 
34.hxg6 fxg6 35.Re8 Rb5 36.Ra4 a5 37.Rf4+ Rf5 38.Rf8+ Ke5 39.Re8+ Kf6 40.
Rf8+ Ke5 41.Re8+ 1/2-1/2

[Event "23rd EUR-ch"]
[Site "Vrnjacka Banja SRB"]
[Date "2023.03.08"]
[Round "6.39"]
[White "Kaasen, Tor Fredrik"]
[Black "Kobalia, Mikhail"]
[Result "0-1"]
[WhiteElo "2464"]
[BlackElo "2577"]
[EventDate "2023.03.03"]
[PlyCount "82"]

1.e4 c6 2.d4 d5 3.exd5 cxd5 4.Bd3 Nc6 5.c3 Nf6 6.Bf4 Bg4 7.Qb3 Qd7 8.Nd2 
e6 9.Ngf3 Bd6 10.Bxd6 Qxd6 11.O-O O-O 12.Rfe1 Qc7 13.Qc2 Rac8 14.Rac1 Ne7 
15.Ne5 Bf5 16.Ndf3 b5 17.Qe2 Bxd3 18.Nxd3 Nf5 19.a4 Nd6 20.axb5 Rb8 21.Ra1
Rxb5 22.Ra6 Ra5 23.Ra1 Rxa1+ 24.Rxa1 Nfe4 25.Nd2 Nxd2 26.Qxd2 Nc4 27.Qc2 
Rb8 28.Qa4 Nxb2 29.Nxb2 Qxc3 30.Qxa7 Qxb2 31.h4 h5 32.Rd1 Rc8 33.Qe7 Rc1 
34.Rxc1 Qxc1+ 35.Kh2 Qf4+ 36.Kg1 g6 37.Qb4 Qxh4 38.g3 Qe4 39.Kh2 Kg7 40.
Qd2 h4 41.Qd1 e5 0-1

[Event "23rd EUR-ch"]
[Site "Vrnjacka Banja SRB"]
[Date "2023.03.08"]
[Round "6.40"]
[White "Sanikidze, Tornike"]
[Black "Goriachkina, Aleksandra"]
[Result "0-1"]
[WhiteElo "2459"]
[BlackElo "2576"]
[EventDate "2023.03.03"]
[PlyCount "104"]

1.d4 Nf6 2.c4 e6 3.Nf3 d5 4.Nc3 c6 5.Bg5 Nbd7 6.e3 Qa5 7.Nd2 dxc4 8.Bxf6 
Nxf6 9.Nxc4 Qc7 10.Rc1 Bd6 11.f4 Be7 12.Be2 O-O 13.O-O Rd8 14.Bf3 Bd7 15.
Ne5 Rac8 16.Qe2 c5 17.d5 exd5 18.Nxd5 Nxd5 19.Bxd5 Be8 20.Rcd1 b5 21.b3 
Bd6 22.Nf3 c4 23.Be4 Bc5 24.Ne5 f6 25.Ng4 Bf7 26.Bb1 Qe7 27.Bf5 Rb8 28.
bxc4 bxc4 29.Qc2 h5 30.Nf2 Qxe3 31.Kh1 Qxf4 32.Ne4 Rxd1 33.Qxd1 Qe5 34.Qd7
c3 35.h3 c2 36.Nxc5 Qxc5 37.Rc1 Qe3 38.Rxc2 Qe1+ 39.Kh2 Qe5+ 40.g3 g6 41.
Rc7 Qe2+ 42.Kg1 Qe1+ 43.Kh2 Qf2+ 44.Kh1 Qxa2 45.Bc2 Re8 46.Kg1 a5 47.Kf2 
a4 48.Rc3 Qa1 49.Rc8 Qe1+ 50.Kg2 Qe2+ 51.Kg1 Rxc8 52.Qxc8+ Kg7 0-1

[Event "23rd EUR-ch"]
[Site "Vrnjacka Banja SRB"]
[Date "2023.03.08"]
[Round "6.41"]
[White "Rozen, Eytan"]
[Black "Laurusas, Tomas"]
[Result "0-1"]
[WhiteElo "2458"]
[BlackElo "2571"]
[EventDate "2023.03.03"]
[PlyCount "84"]

1.e4 c5 2.Nf3 e6 3.d4 cxd4 4.Nxd4 a6 5.c4 Nf6 6.Nc3 Qc7 7.Be2 Bb4 8.O-O 
O-O 9.Bg5 Nc6 10.Bxf6 gxf6 11.Nc2 Bd6 12.g3 Kh8 13.Qd2 Rg8 14.Rad1 Be7 15.
Ne3 Rb8 16.Kh1 Qa5 17.Ng4 b5 18.Qf4 bxc4 19.Nxf6 Rg6 20.Nxd7 Rb7 21.Qxf7 
Rxd7 22.Rxd7 Bxd7 23.Qf4 Qe5 24.Rd1 Qxf4 25.gxf4 Bc8 26.Bxc4 Bc5 27.f3 Nd4
28.Ne2 Nxe2 29.Bxe2 Be3 30.Rd8+ Rg8 31.Rxg8+ Kxg8 32.f5 exf5 33.exf5 a5 
34.a3 Bxf5 35.Bb5 Bc2 36.Bc4+ Kg7 37.b3 Bc1 38.a4 Kf6 39.Kg2 Bf4 40.h4 Bf5
41.Bg8 Kg6 42.Kf2 Kh5 0-1

[Event "23rd EUR-ch"]
[Site "Vrnjacka Banja SRB"]
[Date "2023.03.08"]
[Round "6.42"]
[White "Nevednichy, Vladislav"]
[Black "Livaic, Leon"]
[Result "1/2-1/2"]
[WhiteElo "2457"]
[BlackElo "2569"]
[EventDate "2023.03.03"]
[PlyCount "92"]

1.e4 c6 2.d4 d5 3.e5 Bf5 4.h4 h6 5.g4 Be4 6.f3 Bh7 7.e6 Qd6 8.exf7+ Kxf7 
9.f4 Nf6 10.Nf3 Nxg4 11.Bh3 h5 12.Ne5+ Ke8 13.Bxg4 hxg4 14.Qxg4 Nd7 15.
Qh5+ g6 16.Qe2 Qe6 17.Nc3 Qf5 18.Be3 Bg8 19.O-O-O Be6 20.Qd2 Nxe5 21.fxe5 
Qf7 22.Bg5 Bf5 23.Ne2 e6 24.Ng3 Kd7 25.Rdf1 Be7 26.a4 Raf8 27.a5 Rh7 28.b4
Rfh8 29.Kb2 Bxg5 30.hxg5 Rh3 31.Qc3 Rh2 32.Rxh2 Rxh2 33.Nxf5 exf5 34.Qg3 
Rh8 35.Rf4 Qe7 36.Kb3 Qh7 37.Rf3 Qh2 38.Qe1 Rh3 39.Rc3 f4 40.e6+ Ke7 41.
Qe5 Rxc3+ 42.Kxc3 Qh3+ 43.Kd2 Qe3+ 44.Qxe3 fxe3+ 45.Kxe3 Kxe6 46.Kf4 a6 
1/2-1/2

[Event "23rd EUR-ch"]
[Site "Vrnjacka Banja SRB"]
[Date "2023.03.08"]
[Round "6.43"]
[White "Nesterov, Arseny"]
[Black "Gurel, Ediz"]
[Result "1/2-1/2"]
[WhiteElo "2568"]
[BlackElo "2454"]
[EventDate "2023.03.03"]
[PlyCount "59"]

1.d4 d5 2.c4 c6 3.Nf3 Nf6 4.Nc3 dxc4 5.a4 Bf5 6.Ne5 e6 7.f3 Bb4 8.e4 Bxe4 
9.fxe4 Nxe4 10.Bd2 Qxd4 11.Nxe4 Qxe4+ 12.Qe2 Bxd2+ 13.Kxd2 Qd5+ 14.Kc2 Na6
15.Nxc4 O-O 16.Qe5 Rab8 17.Be2 Nb4+ 18.Kc3 b5 19.Rhd1 f6 20.Qg3 Qe4 21.Rd7
Qc2+ 22.Kd4 e5+ 23.Kc5 Na6+ 24.Kd6 Rf7 25.Bd3 Rxd7+ 26.Kxd7 Nc5+ 27.Kc7 
Nxd3 28.Kxb8 bxc4 29.Kxa7 Qxb2 30.Qg4 1/2-1/2

[Event "23rd EUR-ch"]
[Site "Vrnjacka Banja SRB"]
[Date "2023.03.08"]
[Round "6.44"]
[White "Teclaf, Pawel"]
[Black "Stoyanov, Tsvetan"]
[Result "1/2-1/2"]
[WhiteElo "2568"]
[BlackElo "2446"]
[EventDate "2023.03.03"]
[PlyCount "118"]

1.e4 e5 2.Nf3 Nf6 3.Nxe5 d6 4.Nf3 Nxe4 5.Bd3 Nf6 6.O-O Be7 7.h3 O-O 8.c3 
d5 9.Bc2 Bd6 10.d4 h6 11.Re1 Re8 12.Ne5 c5 13.Bf4 Qb6 14.dxc5 Bxc5 15.Nd3 
Rxe1+ 16.Qxe1 Bf5 17.Nd2 Nbd7 18.Nxc5 Bxc2 19.Nxd7 Nxd7 20.Qc1 Bd3 21.Be3 
Qg6 22.Qd1 Ne5 23.Qb3 Qc6 24.Re1 Nc4 25.Nf3 b6 26.Nd4 Qg6 27.Bc1 Be4 28.f3
Bd3 29.Qa4 Kh7 30.Qd7 Nd6 31.Re5 Bc4 32.Kh2 Qf6 33.Re1 a6 34.Qc6 Rb8 35.b3
Bd3 36.Qxd5 Rc8 37.Ba3 Qf4+ 38.Kh1 Qd2 39.Re7 Bf1 40.f4 Rxc3 41.Bxd6 Rg3 
42.Qe4+ Rg6 43.g4 Bd3 44.Qd5 Qf2 45.Bc7 Qf1+ 46.Kh2 Qf2+ 47.Qg2 Qxd4 48.
Be5 Qe3 49.Rxf7 Be4 50.Qb2 Qe1 51.f5 Rxg4 52.hxg4 Qh4+ 53.Kg1 Qh1+ 54.Kf2 
Qg2+ 55.Ke1 Qg1+ 56.Ke2 Qxg4+ 57.Ke1 Qg1+ 58.Ke2 Qg2+ 59.Ke1 Qg1+ 1/2-1/2

[Event "23rd EUR-ch"]
[Site "Vrnjacka Banja SRB"]
[Date "2023.03.08"]
[Round "6.45"]
[White "Makarian, Rudik"]
[Black "Badelka, Olga"]
[Result "1/2-1/2"]
[WhiteElo "2557"]
[BlackElo "2428"]
[EventDate "2023.03.03"]
[PlyCount "23"]

1.c4 e6 2.d4 Nf6 3.Nf3 d5 4.Nc3 Nbd7 5.g3 c6 6.Bg2 dxc4 7.O-O b5 8.Ng5 Qb6
9.b3 cxb3 10.Qxb3 Bb7 11.Bf4 Be7 12.a4 1/2-1/2

[Event "23rd EUR-ch"]
[Site "Vrnjacka Banja SRB"]
[Date "2023.03.08"]
[Round "6.46"]
[White "Seemann, Jakub"]
[Black "Kobo, Ori"]
[Result "1-0"]
[WhiteElo "2424"]
[BlackElo "2548"]
[EventDate "2023.03.03"]
[PlyCount "141"]

1.e4 e5 2.Nf3 Nc6 3.Bc4 Bc5 4.c3 Nf6 5.d3 d6 6.O-O h6 7.Nbd2 O-O 8.Re1 a5 
9.h3 Be6 10.Bb5 Nd7 11.Nf1 d5 12.Ng3 dxe4 13.dxe4 Qf6 14.Qe2 Rfd8 15.Bc4 
a4 16.Bxe6 Qxe6 17.Nh4 Bf8 18.Nhf5 Kh7 19.Ne3 Nb6 20.h4 Rd7 21.h5 Rad8 22.
Qc2 Kg8 23.b3 Ra8 24.Rb1 Na7 25.Qe2 c6 26.c4 axb3 27.axb3 Bb4 28.Rf1 Rad8 
29.Nef5 Bd2 30.Ra1 Bxc1 31.Rfxc1 Nbc8 32.Rd1 Qf6 33.Rxd7 Rxd7 34.Rd1 Rc7 
35.Qg4 Qg5 36.Rd8+ Kh7 37.Qd1 c5 38.Rd7 Rxd7 39.Qxd7 Qf6 40.Qxb7 Qe6 41.
Qb8 Nc6 42.Qc7 Kg8 43.Nf1 Kh7 44.N1e3 Qe8 45.Nd5 Qe6 46.g4 Kh8 47.Kg2 Kh7 
48.Kg3 Kh8 49.f4 exf4+ 50.Nxf4 Qe8 51.Nd3 Nd4 52.Ne5 Kh7 53.Kf2 Nxf5 54.
gxf5 f6 55.Nd7 Ne7 56.Nxc5 Qxh5 57.Qxe7 Qh2+ 58.Ke3 Qg1+ 59.Kd3 Qd1+ 60.
Kc3 h5 61.Nd3 h4 62.e5 Qa1+ 63.Kc2 Qa2+ 64.Nb2 Qa8 65.Qf7 Qg2+ 66.Kc3 Qf3+
67.Nd3 fxe5 68.f6 Qxf6 69.Qxf6 gxf6 70.c5 h3 71.Nf2 1-0

[Event "23rd EUR-ch"]
[Site "Vrnjacka Banja SRB"]
[Date "2023.03.08"]
[Round "6.47"]
[White "Stremavicius, Titas"]
[Black "Ohanian, Emin"]
[Result "1/2-1/2"]
[WhiteElo "2544"]
[BlackElo "2405"]
[EventDate "2023.03.03"]
[PlyCount "47"]

1.c4 Nf6 2.Nc3 e5 3.Nf3 Nc6 4.g3 d5 5.cxd5 Nxd5 6.Bg2 Bc5 7.O-O O-O 8.d3 
h6 9.Nxd5 Qxd5 10.Bd2 Qd6 11.Bc3 Be6 12.Nxe5 Bxf2+ 13.Rxf2 Nxe5 14.Bxb7 
Ng4 15.Bxa8 Qb6 16.Qe1 Rxa8 17.a4 Rd8 18.a5 Qe3 19.Ra4 Nxf2 20.Qxf2 Qc1+ 
21.Kg2 Bd5+ 22.e4 Be6 23.Rd4 Rxd4 24.Qxd4 1/2-1/2

[Event "23rd EUR-ch"]
[Site "Vrnjacka Banja SRB"]
[Date "2023.03.08"]
[Round "6.48"]
[White "Zajic, Milan"]
[Black "Maurizzi, Marc`Andria"]
[Result "1-0"]
[WhiteElo "2387"]
[BlackElo "2535"]
[EventDate "2023.03.03"]
[PlyCount "85"]

1.e4 e6 2.d4 d5 3.Nc3 Nf6 4.e5 Nfd7 5.f4 c5 6.Nf3 Nc6 7.Be3 a6 8.Qd2 Qb6 
9.O-O-O Qc7 10.dxc5 Bxc5 11.Bxc5 Nxc5 12.Qe3 Qb6 13.Kb1 Bd7 14.h4 O-O-O 
15.Rh3 Kb8 16.h5 Rc8 17.a3 Rc7 18.Nd4 Nxd4 19.Qxd4 Rhc8 20.Bd3 g6 21.Rd2 
Qa5 22.Be2 Na4 23.Nxa4 Bxa4 24.b4 Bxc2+ 25.Rxc2 Qa4 26.Rxc7 Rxc7 27.Rc3 
Rxc3 28.Qxc3 gxh5 29.Kb2 h4 30.Qc2 Qd7 31.Qxh7 Qc7 32.Qh8+ Ka7 33.Qf8 Qd7 
34.Qc5+ Ka8 35.Qf8+ Ka7 36.Kb3 b6 37.Kb2 a5 38.bxa5 Qa4 39.Qe7+ Kb8 40.
Qd8+ Ka7 41.axb6+ Kb7 42.Qc7+ Ka8 43.Qc8# 1-0

[Event "23rd EUR-ch"]
[Site "Vrnjacka Banja SRB"]
[Date "2023.03.08"]
[Round "6.50"]
[White "Pasztor, Balazs"]
[Black "Petkov, Momchil"]
[Result "0-1"]
[WhiteElo "2387"]
[BlackElo "2526"]
[EventDate "2023.03.03"]
[PlyCount "90"]

1.b3 d5 2.Bb2 Bf5 3.d3 e6 4.Nd2 Nf6 5.g3 h6 6.Bg2 Be7 7.e4 Bh7 8.Nh3 O-O 
9.O-O a5 10.a3 dxe4 11.dxe4 Nc6 12.Nf4 Nd7 13.Qe2 Bf6 14.c3 Bg5 15.Rad1 
Qe7 16.Nd3 Bxd2 17.Rxd2 Rfd8 18.Rfd1 e5 19.b4 axb4 20.axb4 Bg6 21.Bc1 Nf6 
22.Bf3 b6 23.h4 Ra1 24.Kg2 Rd6 25.Bb2 Rxd1 26.Rxd1 Qe6 27.h5 Bh7 28.Ra1 
Bxe4 29.Bxe4 Nxe4 30.b5 Qd5 31.c4 Qxd3 32.Qxd3 Rxd3 33.bxc6 Rd6 34.Ra8+ 
Kh7 35.Bxe5 Rxc6 36.Ra7 Rxc4 37.Bxc7 b5 38.f3 Ng5 39.f4 Rc2+ 40.Kf1 Ne4 
41.g4 b4 42.Be5 f6 43.Bd4 b3 44.Rb7 Rd2 45.Be3 b2 0-1

[Event "23rd EUR-ch"]
[Site "Vrnjacka Banja SRB"]
[Date "2023.03.08"]
[Round "6.51"]
[White "Tadic, Stefan"]
[Black "Yilmazyerli, Mert"]
[Result "1/2-1/2"]
[WhiteElo "2353"]
[BlackElo "2525"]
[EventDate "2023.03.03"]
[PlyCount "38"]

1.e4 e5 2.Nf3 Nc6 3.Bb5 a6 4.Bxc6 dxc6 5.O-O Qf6 6.d4 exd4 7.Bg5 Qd6 8.
Nxd4 Be7 9.Bxe7 Nxe7 10.Nc3 Bd7 11.Nb3 O-O-O 12.Qe2 Ng6 13.Rad1 Qe7 14.Qe3
Kb8 15.Rd2 Ne5 16.Qc5 Qxc5 17.Nxc5 Bc8 18.Rxd8 Rxd8 19.Rd1 Rd6 1/2-1/2

[Event "23rd EUR-ch"]
[Site "Vrnjacka Banja SRB"]
[Date "2023.03.08"]
[Round "6.52"]
[White "Manafov, Vugar"]
[Black "Horvath, Dominik"]
[Result "1/2-1/2"]
[WhiteElo "2349"]
[BlackElo "2521"]
[EventDate "2023.03.03"]
[PlyCount "58"]

1.d4 Nf6 2.c4 e6 3.Nf3 b6 4.g3 Ba6 5.b3 Bb4+ 6.Bd2 Be7 7.Nc3 d5 8.cxd5 
exd5 9.Bg2 O-O 10.O-O Re8 11.Ne5 Bb7 12.Rc1 Nbd7 13.Bf4 Nf8 14.Na4 Bd6 15.
e3 Ne6 16.Nc6 Qd7 17.Ne5 Qe7 18.Nc6 Qd7 19.Ne5 Qe7 20.Nc6 Bxc6 21.Rxc6 Qd7
22.Rc2 Nxf4 23.exf4 Qf5 24.Nb2 a5 25.Qd3 Qxd3 26.Nxd3 a4 27.b4 a3 28.Rb1 
h6 29.h4 Ne4 1/2-1/2

[Event "23rd EUR-ch"]
[Site "Vrnjacka Banja SRB"]
[Date "2023.03.08"]
[Round "6.53"]
[White "Anton Guijarro, David"]
[Black "Wachinger, Nikolas"]
[Result "1-0"]
[WhiteElo "2685"]
[BlackElo "2440"]
[EventDate "2023.03.03"]
[PlyCount "155"]

1.Nf3 d5 2.g3 Nf6 3.Bg2 e6 4.O-O Be7 5.c4 O-O 6.b3 b6 7.cxd5 Nxd5 8.Bb2 
Bb7 9.d4 Nd7 10.Re1 c5 11.e4 N5f6 12.Nc3 cxd4 13.Nxd4 Bc5 14.Re2 Ne5 15.
Na4 Bxd4 16.Bxd4 Nc6 17.Bb2 Qe7 18.Qe1 Rfd8 19.Rd1 Rxd1 20.Qxd1 Rd8 21.Rd2
Rxd2 22.Qxd2 h6 23.Nc3 Ba6 24.Nd1 Qd7 25.Bc3 Qd3 26.f3 Qb1 27.Kf2 e5 28.
Ne3 Nd4 29.Qb2 Bd3 30.b4 Qxb2+ 31.Bxb2 Nc6 32.Bc3 Ne8 33.a4 Nd6 34.Ke1 Nc4
35.Nxc4 Bxc4 36.Kd2 Bb3 37.a5 bxa5 38.bxa5 Bc4 39.Bh3 a6 40.f4 f6 41.Bd7 
Bb5 42.Be6+ Kf8 43.Ke3 g5 44.h4 Ke7 45.Bd5 exf4+ 46.gxf4 gxh4 47.Kf3 Nd8 
48.Kg4 Bc6 49.Bb4+ Kd7 50.Kxh4 f5 51.Bc4 Bxe4 52.Bxa6 Ne6 53.Bd2 Nc5 54.
Bb5+ Kc7 55.Be2 Bd3 56.Bf3 Be4 57.Bd1 Ne6 58.Kh5 Nd4 59.Be3 Bf3+ 60.Bxf3 
Nxf3 61.Bf2 Nd2 62.Kg6 Ne4 63.Bb6+ Kc6 64.Kxf5 Nd6+ 65.Kg6 Kd5 66.a6 Kc6 
67.a7 Kb7 68.Kxh6 Nf5+ 69.Kg5 Nd6 70.Bd4 Nb5 71.Bg1 Nd6 72.Kf6 Ne4+ 73.Ke5
Ng3 74.Bf2 Nh5 75.f5 Ka8 76.Bd4 Kb7 77.Kd5 Nf4+ 78.Ke4 1-0

[Event "23rd EUR-ch"]
[Site "Vrnjacka Banja SRB"]
[Date "2023.03.08"]
[Round "6.54"]
[White "Naer, Evgeny"]
[Black "Bulmaga, Irina"]
[Result "1-0"]
[WhiteElo "2666"]
[BlackElo "2438"]
[EventDate "2023.03.03"]
[PlyCount "79"]

1.e4 e5 2.Bc4 Nf6 3.Nc3 Bc5 4.d3 c6 5.f4 exf4 6.e5 d5 7.exf6 Qxf6 8.Qe2+ 
Kd8 9.Bxd5 cxd5 10.Qf3 Bxg1 11.Qxd5+ Bd7 12.Rxg1 Re8+ 13.Kd1 Re5 14.Qxb7 
Qh4 15.Ne4 Qxh2 16.Re1 Bc6 17.Qxf7 Bxe4 18.Bxf4 Bf3+ 19.gxf3 Rxe1+ 20.Kxe1
Qg1+ 21.Ke2 Qxa1 22.Bc7+ Kc8 23.Be5 Kd8 24.Bc7+ Kc8 25.Bd6 Na6 26.Qe8+ Kb7
27.Qb5+ Kc8 28.Qc6+ Kd8 29.Qxa8+ Kd7 30.Qd5 Nc7 31.Qe5 Ne6 32.Ba3 Qxa2 33.
c4 Nc7 34.Qxg7+ Kc6 35.Qxh7 Qb1 36.Qe4+ Kd7 37.d4 Qh1 38.d5 Qg2+ 39.Kd3 
Qf1+ 40.Kc2 1-0

[Event "23rd EUR-ch"]
[Site "Vrnjacka Banja SRB"]
[Date "2023.03.08"]
[Round "6.55"]
[White "Donchenko, Alexander"]
[Black "Fataliyeva, Ulviyya"]
[Result "1/2-1/2"]
[WhiteElo "2653"]
[BlackElo "2427"]
[EventDate "2023.03.03"]
[PlyCount "152"]

1.e4 e6 2.d4 d5 3.Nc3 Nf6 4.e5 Nfd7 5.f4 c5 6.Nf3 Nc6 7.Be3 a6 8.a3 cxd4 
9.Nxd4 Bc5 10.Qd2 O-O 11.O-O-O Qc7 12.h4 b5 13.Nxc6 Qxc6 14.Ne2 a5 15.Nd4 
Qb6 16.Rh3 b4 17.a4 Ba6 18.Kb1 Rac8 19.g4 Bxf1 20.Rxf1 f6 21.exf6 Nxf6 22.
Rg1 Ne4 23.Qd3 Rxf4 24.Nb3 Bxe3 25.Qxe3 Qc7 26.Rh2 Rxg4 27.Rxg4 Qxh2 28.
Nd4 Kh8 29.Ka1 Qd6 30.Rg2 Qd7 31.Kb1 e5 32.Nb3 Qf5 33.Ka2 Qf1 34.Rg1 Qf2 
35.Qxf2 Nxf2 36.Rg2 Nh3 37.Nxa5 e4 38.Nb3 Nf4 39.Rg4 e3 40.Nd4 e2 41.Nf3 
Rf8 42.Ne1 h6 43.Kb1 g5 44.Kc1 Kg7 45.hxg5 h5 46.Rh4 Kg6 47.Kd2 Kxg5 48.
Nf3+ Kh6 49.Rh1 Rc8 50.a5 Ne6 51.Ra1 Rc7 52.Ra4 b3 53.cxb3 Re7 54.Ke1 Nc5 
55.Rd4 Re3 56.b4 Nd3+ 57.Kd2 Rxf3 58.Kxe2 Ne5 59.Rxd5 Rb3 60.Rxe5 Rxb2+ 
61.Kd3 Rxb4 62.Re4 Rb3+ 63.Kc4 Ra3 64.Kb5 Kg5 65.a6 h4 66.Ra4 Rb3+ 67.Kc6 
Rb8 68.a7 Ra8 69.Kb7 Rxa7+ 70.Rxa7 h3 71.Kc6 Kf4 72.Kd5 h2 73.Rh7 Kg3 74.
Ke4 Kg2 75.Ke3 h1=Q 76.Rxh1 Kxh1 1/2-1/2